Представление документа в формате MARC21

Поле Инд. ПП Название Значение
Тип записи a
Библиографический уровень m
001 Контрольный номер 6ce5fe13-1a2a-4093-98f3-e7f5f42e8ad3
005 Дата корректировки 20140226190219.7
008 Кодируемые данные 020221
040 a Служба первич. каталог. НБ ТвГУ
041 a Код языка текста rus
080 a Индекс УДК 796:577.1(075.8)
084 a Индекс другой классификации/Индекс ББК Ч510.0я731-1
090 x Авторский знак П69
a Полочн. индекс Ч510.0
245 10 a Заглавие Практикум по биомеханике
b Продолж. заглавия Пособие для ин-тов физ. культуры
c Ответственность А. Ф. Бочаров, Г. П. Иванова, И. Б. Клочков, И. М. Козлов; Под общ. ред. И. М. Козлова
260 0_ a Место издания Москва
b Издательство Физкультура и спорт
c Дата издания 1980
300 a Объем 106,[7] с.
b Иллюстрации/ тип воспроизводства ил., табл.
650 a Основная рубрика Физическая культура и спорт
x Основная подрубрика Учебники для вузов
650 a Основная рубрика Физическое воспитание
x Основная подрубрика Биомеханика
x Основная подрубрика Биохимические основы
653 a Ключевые слова Физическая культура
a Ключевые слова Спорт
a Ключевые слова Физическое воспитание
a Ключевые слова Биомеханика
a Ключевые слова Биохимические основы физического воспитания
a Ключевые слова Учебники
700 1_ a Другие авторы Бочаров А. Ф.
e Роль лиц авт.
700 1_ a Другие авторы Иванова Г. П.
e Роль лиц авт.
700 1_ a Другие авторы Клочков И. Б.
e Роль лиц авт.
700 1_ a Другие авторы Козлов И. М.
e Роль лиц авт.
852 t Порядковый номер экземпляра 1
p Инвентарный номер 640631
930 a Новая/Ретро учебники
954 a Дата поступления на обработку 20020221
999 a Подразделение 2 Фил2